000 00615nam a22002177a 4500
003 UA-OsUOA
001 126436
007 ta
008 20171023b un ||||| |||| 00| 0 ukr d
100 _aШинкаренко Л.
090 _a81
_bШ62
942 _cSA
040 _aUA-OsUOA
_bukr
_cUA-OsUOA
_dUA-OsUOA
245 _aДжерела української фразеології (6 клас)
300 _aС.21-25
955 _a0
041 _aukr
080 _a81
773 0 _w126433
650 7 _a8 Мовознавство. Художня література. Літературознавство
_2UDC
999 _c413624
_d413624